000 00773nam a22001817a 4500
999 _c63948
_d63948
005 20260226143852.0
008 260226s2020 enk||||| |||| 00| 0 eng d
020 _a9780231190732x
041 _aeng
080 _a339.9(520) K-23
100 _aKatada, Saori N.
_926991
245 _aJapan's New Regional Reality:
_bGeoeconomic Strategy in the Asia-Pacific /
_c Saori N. Katada.
264 _aNew York :
_bColumbia University Press,
_c2020.
300 _a320 p.;
_b23 cm.
653 _aგეოეკონომიკური სტრატეგია აზია-წყნარი ოკეანის რეგიონში
653 _aიაპონიის ახალი რეგიონული რეალობა
942 _2udc
_cᲬᲘᲒᲜᲘ